| 000 | 00574nam a2200241 a 4500 | ||
|---|---|---|---|
| 001 | nice12345678 | ||
| 003 | IN_TiNIC | ||
| 005 | 20260116012145.0 | ||
| 008 | 050524s0000 cala grp 000 0 eng | ||
| 020 |
_a _c2 |
||
| 082 | 0 | 0 |
_a297.8 _bHAF |
| 100 | _aHafiz, A T | ||
| 245 | _aApeal to Humanity | ||
| 260 |
_aCalcutta _bA.T.Hafiz _c0000 |
||
| 300 | _a16p | ||
| 500 | _aincludes index and biblioraphy | ||
| 505 | 2 | _aMiddle eastern world held at asmara, | |
| 650 | _aJamaat-E-Islami | ||
| 700 | 1 | _aHafiz, A T | |
| 902 | _bSRS | ||
| 942 | _cBK | ||
| 999 |
_c5871 _d5871 |
||